Estadística elemental: lo esencial

Guardat en:
Dades bibliogràfiques
Autors principals: Johnson, Robert Russell (Autor), Kuby, Patricia (Autor)
Format: Llibre
Idioma:espanyol
Publicat: Ciudad de México Cengage Learning Editores 2008
Edició:10a. ed
Matèries:
Etiquetes: Afegir etiqueta
Sense etiquetes, Sigues el primer a etiquetar aquest registre!

MARC

LEADER 00000cam a2200000 a 4500
001 UCG9519
003 CL-VaPUC
005 20230712080024.0
008 120316e20080000MX |||||||||||||||||spa|d
999 |c 347067  |d 347065 
020 |a 9789706868350 
040 |c Pontificia Universidad Católica de Valparaíso 
082 0 4 |a 519.5  |b JOH  |2 21 
100 |a Johnson, Robert Russell  |e author  |9 858422 
245 1 0 |a Estadística elemental: lo esencial 
250 |a 10a. ed 
260 |a Ciudad de México  |b Cengage Learning Editores  |c 2008 
300 |a 725 p 
583 |a last modification  |c 20131125 06:28:07  |k Rodrigo Vera 
650 0 |a Estadística matemática  |9 260028 
650 0 |a Teoría de probabilidades   |9 336944 
650 0 |a Inferencia estadística  |9 312855 
650 0 |a Problemas, ejercicios, etc  |9 259377 
700 0 |a Kuby, Patricia  |e author  |9 561117 
852 |a BIBCUR 
942 |c BK  |2 ddc 
945 |d 20120316 00:00:00  |a dcastane